|
|
|
|
| LEADER |
00000naa0a2200000 4500 |
| 001 |
595486 |
| 005 |
20250305111935.0 |
| 035 |
|
|
|a (RuTPU)RU\TPU\tpu\16669
|
| 090 |
|
|
|a 595486
|
| 100 |
|
|
|a 20091006d2009 k||y0rusy50 ba
|
| 101 |
0 |
|
|a eng
|
| 102 |
|
|
|a AT
|
| 200 |
1 |
|
|a Innovative university teachers training in Up-to-Date technologies of engineering education
|f A. I. Chuchalin, M. G. Minin, I. A. Safyannikov
|
| 333 |
|
|
|a В фонде НТБ ТПУ отсутствует
|
| 463 |
|
|
|t Q2 of E2 - Quality and Quantity of Engineering Education
|o proceedings of the 38 International IGIP Symposium, Graz, Austria, 6-9 September 2009
|v Р. 118-120
|d 2009
|
| 610 |
1 |
|
|a труды учёных ТПУ
|
| 700 |
|
1 |
|a Chuchalin
|b A. I.
|c Doctor of technical sciences, Professor of Tomsk Polytechnic University
|c Vice-rector for Academic and International Affairs
|f 1952-
|g Alexander Ivanovich
|3 (RuTPU)RU\TPU\pers\30123
|
| 701 |
|
1 |
|a Minin
|b M. G.
|c Doctor of Pedagogical sciences
|c Professor of Tomsk Polytechnic University (TPU)
|f 1944-
|g Mikhail Grigoryevich
|3 (RuTPU)RU\TPU\pers\30394
|9 14737
|
| 701 |
|
1 |
|a Safyannikov
|b I. A.
|
| 801 |
|
1 |
|a RU
|b 63413507
|c 20091006
|
| 801 |
|
2 |
|a RU
|b 63413507
|c 20130206
|g RCR
|
| 942 |
|
|
|c BK
|